000 01779cam a22005294i 4500
003 PE-LiUPU
005 20250731165639.0
008 150616s1991 txu r 001 0 eng d
020 _a084990935X
020 _a9780849909351
035 _a(Sirsi) a6879
040 _aPE-LiUPU
_bspa
_cPE-LiUPU
_dPE-LiUPU
_erda
049 _aPRUA
082 0 4 _a225.7
_bWBUL
_221
100 1 _aLane, William L.,
_eautor.
245 1 0 _aHebrews 9-13 /
_cWilliam L. Lane.
264 1 _aDallas, Texas :
_bWord Books, Publisher,
_c1991.
300 _a617 páginas ;
_c23 centímetros.
336 _atext
_2rdacontent
337 _aunmediated
_2rdamedia
338 _avolume
_2rdacarrier
490 0 _aWord Biblical Commentary ;
_v47B
504 _aIncluye indice.
505 0 _aComentarios de Hebreos 9-13.
526 _aSEG44
526 _aSEG26
526 _aP151
526 _aP150
526 _aP149
526 _aP146
526 _aP145
526 _aP126
526 _aP125
526 _aP92
526 _aP75
526 _aP74
526 _aP27
526 _aP15
630 _aBiblia.
_pN.T.
_pHebreos
_xComentarios.
910 _ajck
_bjvq
_cjck
942 _2ddc
_cBOOK
949 _aRC 225.7 WBUL
_wDEWEY
_c1
_i40259
_lRC
_mBUL
_r0
_sY
_tBOOK
_u2015-6-16
_xTEOLOGIA
_zUNKNOWN
_0COMPRA
_o.CIRCNOTE. No olvidar cambiar la fecha de devolución!!!!!!!
_o.STAFF. Colección Teología
994 _aC0
_bPEPRU
596 _a1
999 _aRC 225.7 WBUL
_wDEWEY
_c58059
_i40259
_d58059
_e2016-1-20
_f2021-11-8
_g7
_lCCODEBUL1
_mBUL
_n2
_p22.00
_q11
_r0
_sY
_tBOOK
_u2015-6-16
_xTEOLOGIA
_PP35
_0COMPRA
_o.CIRCNOTE. No olvidar cambiar la fecha de devolución!!!!!!!
_o.STAFF. Colección Teología
980 _81
_gALBERTO SANCHEZ Responsable de Automatización